| 000 | 00718nam a2200205Ia 4500 | ||
|---|---|---|---|
| 999 |
_c40280 _d40280 |
||
| 001 | 6888 | ||
| 003 | GE_BSU | ||
| 005 | 20200203150403.0 | ||
| 008 | 181216s1990||||ge |||||||||||||| ||geo|| | ||
| 040 | _cGE_BSU | ||
| 041 | _ageo | ||
| 080 | _a821.353.1-1 გ-76 | ||
| 100 |
_aგრანელი, ტერენტი. _96696 |
||
| 245 |
_aMEMENTO MORI : _bლექსები / _cტერენტი გრანელი ; პ/მ. გამოცემაზე ე. ნადარეიშვილი. |
||
| 264 |
_aთბილისი : _bხელოვნება, _c1990. |
||
| 300 |
_a80 გვ. ; _e18 სმ. |
||
| 653 | _aMEMENTO MORI | ||
| 653 | _aლექსები | ||
| 942 |
_cBK _2udc |
||